[Event "DEM U16 2021"]
[Site "Willingen GER"]
[Date "2021.08.26"]
[Round "5"]
[White "Chassard, Cedric"]
[Black "Alhamid, Mohamad"]
[Result "0-1"]
[Termination "normal"]
[Board "13"]
[WhiteElo "1971"]
[BlackElo "1652"]
[WhiteClock "00:17:54"]
[BlackClock "00:19:19"]
[PlyCount "108"]
[WhiteFideId "16243536"]
[BlackFideId "16235665"]
[EventCountry "GER"]
[EventRounds "9"]
[EventType "swiss"]
[EventDate "2021.08.22"]

1. e4 {[%clk 1:30:58]} e5 {[%clk 1:30:57]} 2. Nf3 {[%clk 1:31:23]} Nc6 {[%clk
1:31:25]} 3. Bb5 {[%clk 1:31:48]} a6 {[%clk 1:31:38]} 4. Ba4 {[%clk 1:32:17]}
Bc5 {[%clk 1:31:51]} 5. c3 {[%clk 1:23:35]} b5 {[%clk 1:31:38]} 6. Bb3 {[%clk
1:19:49]} Nf6 {[%clk 1:31:08]} 7. O-O {[%clk 1:19:36]} Nxe4 {[%clk 1:15:40]} 8.
Qe2 {[%clk 1:16:15]} d5 {[%clk 1:06:12]} 9. d3 {[%clk 1:15:30]} Nf6 {[%clk
1:04:31]} 10. d4 {[%clk 1:14:03]} Be7 {[%clk 0:59:15]} 11. dxe5 {[%clk
1:09:16]} Ne4 {[%clk 0:56:29]} 12. Rd1 {[%clk 1:07:19]} Be6 {[%clk 0:56:12]}
13. c4 {[%clk 1:04:00]} bxc4 {[%clk 0:52:45]} 14. Bxc4 {[%clk 1:03:59]} Na5
{[%clk 0:49:52]} 15. Bb3 {[%clk 1:01:54]} c6 {[%clk 0:48:16]} 16. Bc2 {[%clk
0:59:30]} Ng5 {[%clk 0:47:11]} 17. Nxg5 {[%clk 0:59:26]} Bxg5 {[%clk 0:46:39]}
18. f4 {[%clk 0:57:40]} Be7 {[%clk 0:45:26]} 19. f5 {[%clk 0:56:48]} Bc5+
{[%clk 0:45:10]} 20. Kh1 {[%clk 0:56:18]} Bc8 {[%clk 0:45:26]} 21. Qg4 {[%clk
0:54:04]} Qe7 {[%clk 0:39:36]} 22. Bg5 {[%clk 0:49:09]} Qxe5 {[%clk 0:37:41]}
23. Nc3 {[%clk 0:41:53]} O-O {[%clk 0:33:21]} 24. Bf4 {[%clk 0:38:25]} Qf6
{[%clk 0:31:36]} 25. Re1 {[%clk 0:37:17]} Nc4 {[%clk 0:27:02]} 26. Na4 {[%clk
0:32:09]} Ba7 {[%clk 0:16:32]} 27. Rad1 {[%clk 0:30:35]} Bb8 {[%clk 0:10:24]}
28. b3 {[%clk 0:16:16]} Bxf4 {[%clk 0:06:39]} 29. Qxf4 {[%clk 0:16:02]} Nd6
{[%clk 0:05:54]} 30. Nb6 {[%clk 0:08:32]} Rb8 {[%clk 0:03:29]} 31. Qf2 {[%clk
0:08:22]} Rd8 {[%clk 0:01:56]} 32. Nxc8 {[%clk 0:07:15]} Rbxc8 {[%clk 0:02:03]}
33. Qf1 {[%clk 0:05:08]} a5 {[%clk 0:01:32]} 34. Re2 {[%clk 0:04:08]} Nb5
{[%clk 0:01:42]} 35. Rde1 {[%clk 0:02:50]} Nc3 {[%clk 0:01:30]} 36. Re3 {[%clk
0:02:30]} d4 {[%clk 0:01:23]} 37. Re5 {[%clk 0:02:48]} h6 {[%clk 0:01:10]} 38.
Qc4 {[%clk 0:02:49]} Nb5 {[%clk 0:00:55]} 39. b4 {[%clk 0:01:06]} Na3 {[%clk
0:01:06]} 40. Qb3 {[%clk 0:00:40]} Nxc2 {[%clk 0:01:14]} 41. Qxc2 {[%clk
0:01:07]} axb4 {[%clk 0:30:05]} 42. Rc5 {[%clk 0:25:06]} Qd6 {[%clk 0:24:10]}
43. Rc4 {[%clk 0:23:20]} d3 {[%clk 0:23:34]} 44. Qd2 {[%clk 0:23:14]} c5 {[%clk
0:23:55]} 45. h3 {[%clk 0:22:42]} Qd5 {[%clk 0:23:13]} 46. Rg4 {[%clk 0:20:17]}
Qxf5 {[%clk 0:23:01]} 47. Ree4 {[%clk 0:20:03]} Kh8 {[%clk 0:20:06]} 48. Ref4
{[%clk 0:19:57]} Qe5 {[%clk 0:20:24]} 49. Re4 {[%clk 0:18:53]} Qc3 {[%clk
0:20:35]} 50. Qd1 {[%clk 0:18:34]} Re8 {[%clk 0:20:15]} 51. Kh2 {[%clk
0:18:39]} d2 {[%clk 0:20:27]} 52. Qe2 {[%clk 0:18:33]} Red8 {[%clk 0:19:27]}
53. Rg3 {[%clk 0:17:36]} d1=Q {[%clk 0:19:19]} 54. Qg4 {[%clk 0:17:54]} Qxg4
0-1

[Event "DEM U16 2021"]
[Site "Willingen GER"]
[Date "2021.08.26"]
[Round "5"]
[White "Lohmann, Laurin"]
[Black "Nied, Pascal"]
[Result "0-1"]
[Termination "normal"]
[Board "14"]
[WhiteElo "1810"]
[BlackElo "1870"]
[WhiteClock "00:26:55"]
[BlackClock "00:37:59"]
[PlyCount "40"]
[WhiteFideId "16281594"]
[BlackFideId "16260597"]
[EventCountry "GER"]
[EventRounds "9"]
[EventType "swiss"]
[EventDate "2021.08.22"]

1. e4 {[%clk 1:30:58]} e5 {[%clk 1:30:55]} 2. Nf3 {[%clk 1:31:20]} Nc6 {[%clk
1:31:21]} 3. Nc3 {[%clk 1:31:26]} Nf6 {[%clk 1:31:44]} 4. d4 {[%clk 1:31:32]}
exd4 {[%clk 1:32:09]} 5. Nxd4 {[%clk 1:31:56]} Nxe4 {[%clk 1:32:34]} 6. Nxe4
Qe7 {[%clk 1:32:57]} 7. Qd3 {[%clk 1:03:28]} d5 {[%clk 1:31:42]} 8. Nb5 {[%clk
0:52:30]} Nb4 {[%clk 1:18:57]} 9. Qe2 {[%clk 0:52:31]} dxe4 {[%clk 1:15:03]}
10. Bf4 {[%clk 0:41:06]} Nd5 {[%clk 1:12:50]} 11. Bg3 {[%clk 0:41:25]} a6
{[%clk 1:08:11]} 12. O-O-O {[%clk 0:36:32]} axb5 {[%clk 0:56:16]} 13. Rxd5
{[%clk 0:36:41]} Rxa2 {[%clk 0:47:37]} 14. Kb1 {[%clk 0:34:09]} Be6 {[%clk
0:43:47]} 15. Rxb5 {[%clk 0:28:07]} c6 {[%clk 0:40:37]} 16. Re5 {[%clk
0:26:45]} Rxb2+ {[%clk 0:36:32]} 17. Kxb2 {[%clk 0:25:56]} Qa3+ {[%clk
0:36:53]} 18. Kb1 {[%clk 0:26:17]} Qa2+ {[%clk 0:37:15]} 19. Kc1 {[%clk
0:26:37]} Qa1+ {[%clk 0:37:36]} 20. Kd2 {[%clk 0:26:55]} Qd4+ {[%clk 0:37:59]}
0-1

[Event "DEM U16 2021"]
[Site "Willingen GER"]
[Date "2021.08.27"]
[Round "7"]
[White "Hommer, Jeremy"]
[Black "Haufe, Laurin"]
[Result "1-0"]
[Termination "normal"]
[Board "1"]
[WhiteElo "2172"]
[BlackElo "2013"]
[WhiteClock "00:36:22"]
[BlackClock "00:07:03"]
[PlyCount "91"]
[WhiteFideId "12992577"]
[BlackFideId "12976504"]
[EventCountry "GER"]
[EventRounds "9"]
[EventType "swiss"]
[EventDate "2021.08.22"]

1. e4 {[%clk 1:30:56]} c6 {[%clk 1:30:52]} 2. Nf3 {[%clk 1:31:21]} d5 {[%clk
1:31:17]} 3. d3 {[%clk 1:31:45]} dxe4 {[%clk 1:30:30]} 4. dxe4 {[%clk 1:32:07]}
Qxd1+ {[%clk 1:30:38]} 5. Kxd1 {[%clk 1:32:31]} Bg4 {[%clk 1:30:36]} 6. Be2
{[%clk 1:32:44]} Nd7 {[%clk 1:30:38]} 7. Ne1 {[%clk 1:32:47]} Bxe2+ {[%clk
1:30:01]} 8. Kxe2 {[%clk 1:33:12]} Ngf6 {[%clk 1:30:03]} 9. f3 {[%clk 1:32:47]}
O-O-O {[%clk 1:29:13]} 10. Be3 {[%clk 1:31:57]} e6 {[%clk 1:25:24]} 11. Nd3
{[%clk 1:31:47]} b6 {[%clk 1:23:36]} 12. Nd2 {[%clk 1:30:31]} Bd6 {[%clk
1:17:46]} 13. Nc4 {[%clk 1:24:18]} Bc7 {[%clk 1:18:07]} 14. a4 {[%clk 1:23:27]}
a6 {[%clk 1:04:23]} 15. b4 {[%clk 1:16:51]} Kb7 {[%clk 1:01:35]} 16. a5 {[%clk
1:11:15]} b5 {[%clk 0:58:44]} 17. Nd2 {[%clk 1:11:19]} Bb8 {[%clk 0:55:44]} 18.
Nb3 {[%clk 1:07:53]} Ba7 {[%clk 0:55:49]} 19. Rhd1 {[%clk 1:07:44]} Bxe3 {[%clk
0:48:39]} 20. Kxe3 {[%clk 1:08:07]} Kc7 {[%clk 0:45:43]} 21. Rac1 {[%clk
1:03:36]} Ra8 {[%clk 0:39:55]} 22. Rd2 {[%clk 1:02:31]} Ne8 {[%clk 0:32:49]}
23. e5 {[%clk 0:53:13]} Kb8 {[%clk 0:25:29]} 24. c4 {[%clk 0:48:32]} Nc7 {[%clk
0:21:27]} 25. Ke2 {[%clk 0:48:50]} Ra7 {[%clk 0:18:46]} 26. Rdc2 {[%clk
0:46:20]} Kc8 {[%clk 0:12:33]} 27. Nd4 {[%clk 0:35:57]} Nb8 {[%clk 0:12:35]}
28. cxb5 {[%clk 0:33:25]} cxb5 {[%clk 0:12:54]} 29. Nc5 {[%clk 0:31:55]} Rd8
{[%clk 0:09:47]} 30. Rd1 {[%clk 0:31:34]} Rd5 {[%clk 0:09:40]} 31. f4 {[%clk
0:31:45]} Kd8 {[%clk 0:08:59]} 32. Ne4 {[%clk 0:31:41]} Ne8 {[%clk 0:08:39]}
33. Ke3 {[%clk 0:25:07]} Rc7 {[%clk 0:06:13]} 34. Rdc1 {[%clk 0:24:03]} Rxc2
{[%clk 0:03:22]} 35. Rxc2 {[%clk 0:24:27]} Rd7 {[%clk 0:03:28]} 36. Nc6+ {[%clk
0:17:14]} Nxc6 {[%clk 0:02:13]} 37. Rxc6 {[%clk 0:17:42]} Nc7 {[%clk 0:01:53]}
38. Nd6 {[%clk 0:18:01]} Ke7 {[%clk 0:01:07]} 39. Kf3 {[%clk 0:17:51]} Nd5
{[%clk 0:00:45]} 40. Rxa6 {[%clk 0:16:48]} Nxb4 {[%clk 0:01:08]} 41. Rb6 {[%clk
0:16:20]} f6 {[%clk 0:20:36]} 42. a6 {[%clk 0:37:44]} Nd5 {[%clk 0:07:16]} 43.
Rb7 {[%clk 0:36:54]} Kd8 {[%clk 0:06:18]} 44. a7 {[%clk 0:35:57]} Nb6 {[%clk
0:06:40]} 45. Rb8+ {[%clk 0:36:22]} Ke7 {[%clk 0:07:03]} 46. Re8# 1-0

[Event "DEM U16 2021"]
[Site "Willingen GER"]
[Date "2021.08.27"]
[Round "7"]
[White "Colbow, Collin"]
[Black "Pubantz, Jan"]
[Result "1-0"]
[Termination "normal"]
[Board "2"]
[WhiteTitle "FM"]
[WhiteElo "2356"]
[BlackElo "2268"]
[WhiteClock "00:20:20"]
[BlackClock "00:01:39"]
[PlyCount "142"]
[WhiteFideId "16201132"]
[BlackFideId "12996114"]
[EventCountry "GER"]
[EventRounds "9"]
[EventType "swiss"]
[EventDate "2021.08.22"]

1. e4 {[%clk 1:30:55]} c6 {[%clk 1:30:58]} 2. d4 {[%clk 1:31:20]} d5 {[%clk
1:31:23]} 3. e5 {[%clk 1:31:46]} Bf5 {[%clk 1:31:47]} 4. h4 {[%clk 1:32:11]} h5
{[%clk 1:31:55]} 5. c4 {[%clk 1:32:28]} e6 {[%clk 1:31:29]} 6. Nc3 {[%clk
1:32:36]} dxc4 {[%clk 1:31:25]} 7. Bxc4 {[%clk 1:29:08]} Nd7 {[%clk 1:31:53]}
8. Nge2 {[%clk 1:28:17]} Be7 {[%clk 1:31:30]} 9. Ng3 {[%clk 1:14:44]} Bg6
{[%clk 1:31:58]} 10. Be2 {[%clk 1:12:38]} Qb6 {[%clk 1:30:51]} 11. Qb3 {[%clk
1:04:45]} Nh6 {[%clk 1:16:08]} 12. Bg5 {[%clk 0:58:07]} Nf5 {[%clk 1:12:52]}
13. Nxf5 {[%clk 0:57:50]} Bxf5 {[%clk 1:12:57]} 14. Qxb6 {[%clk 0:36:25]} axb6
{[%clk 1:05:17]} 15. Kd2 {[%clk 0:32:38]} b5 {[%clk 0:54:16]} 16. a3 {[%clk
0:17:08]} Rd8 {[%clk 0:44:29]} 17. Ke3 {[%clk 0:16:59]} Nb6 {[%clk 0:35:42]}
18. b3 {[%clk 0:16:20]} Rd7 {[%clk 0:27:03]} 19. Bxe7 {[%clk 0:05:38]} Kxe7
{[%clk 0:27:24]} 20. a4 {[%clk 0:05:06]} b4 {[%clk 0:25:57]} 21. a5 {[%clk
0:05:13]} bxc3 {[%clk 0:18:30]} 22. axb6 {[%clk 0:05:40]} Rhd8 {[%clk 0:17:27]}
23. Ra4 {[%clk 0:05:16]} c2 {[%clk 0:10:52]} 24. Bd3 {[%clk 0:01:05]} c5 {[%clk
0:07:24]} 25. Bxf5 {[%clk 0:01:30]} cxd4+ {[%clk 0:07:22]} 26. Kd3 {[%clk
0:01:46]} exf5 {[%clk 0:06:33]} 27. Rc1 {[%clk 0:02:13]} Rd5 {[%clk 0:03:53]}
28. Rxc2 {[%clk 0:02:33]} Rxe5 {[%clk 0:03:31]} 29. Rxd4 {[%clk 0:02:35]} Rxd4+
{[%clk 0:02:17]} 30. Kxd4 {[%clk 0:03:02]} Rb5 {[%clk 0:01:58]} 31. Rc7+ {[%clk
0:02:32]} Ke6 {[%clk 0:02:25]} 32. Rxb7 {[%clk 0:02:57]} Rxb3 {[%clk 0:02:47]}
33. Rb8 {[%clk 0:02:01]} Kd6 {[%clk 0:01:44]} 34. b7 {[%clk 0:00:55]} Kc6
{[%clk 0:01:12]} 35. Rg8 {[%clk 0:00:54]} Rxb7 {[%clk 0:01:00]} 36. Rxg7 {[%clk
0:01:19]} Kd6 {[%clk 0:00:47]} 37. g3 {[%clk 0:01:30]} Rb3 {[%clk 0:00:35]} 38.
Rxf7 {[%clk 0:01:26]} Rf3 {[%clk 0:00:35]} 39. Rf6+ {[%clk 0:01:38]} Ke7 {[%clk
0:00:50]} 40. Ke5 {[%clk 0:01:42]} Rxf2 {[%clk 0:00:45]} 41. Rxf5 {[%clk
0:02:06]} Ra2 {[%clk 0:22:28]} 42. Kf4 {[%clk 0:31:33]} Ra4+ {[%clk 0:22:45]}
43. Kf3 {[%clk 0:31:52]} Ra3+ {[%clk 0:22:14]} 44. Kg2 {[%clk 0:32:15]} Ke6
{[%clk 0:22:26]} 45. Rxh5 {[%clk 0:32:38]} Kf6 {[%clk 0:22:49]} 46. Rb5 {[%clk
0:32:04]} Kg6 {[%clk 0:23:05]} 47. Rb4 {[%clk 0:31:34]} Kh5 {[%clk 0:20:37]}
48. Kh3 {[%clk 0:31:59]} Rc3 {[%clk 0:20:21]} 49. Rb5+ {[%clk 0:32:16]} Kh6
{[%clk 0:20:42]} 50. h5 {[%clk 0:28:36]} Rc4 {[%clk 0:17:14]} 51. g4 {[%clk
0:28:42]} Rc1 {[%clk 0:16:40]} 52. Rb6+ {[%clk 0:28:58]} Kh7 {[%clk 0:08:45]}
53. Kh4 {[%clk 0:26:27]} Rc4 {[%clk 0:07:06]} 54. h6 {[%clk 0:21:43]} Rc5
{[%clk 0:06:50]} 55. g5 {[%clk 0:22:08]} Ra5 {[%clk 0:05:32]} 56. Kh5 {[%clk
0:22:07]} Rc5 {[%clk 0:05:44]} 57. Rb7+ {[%clk 0:22:34]} Kg8 {[%clk 0:04:05]}
58. Re7 {[%clk 0:23:01]} Ra5 {[%clk 0:03:02]} 59. Kg6 {[%clk 0:20:35]} Ra6+
{[%clk 0:02:53]} 60. Kf5 {[%clk 0:21:00]} Ra1 {[%clk 0:02:30]} 61. Kf6 {[%clk
0:20:18]} Rf1+ {[%clk 0:02:08]} 62. Kg6 {[%clk 0:20:41]} Rf8 {[%clk 0:02:26]}
63. Re5 {[%clk 0:20:22]} Ra8 {[%clk 0:01:30]} 64. Kh5 {[%clk 0:19:51]} Ra1
{[%clk 0:01:32]} 65. g6 {[%clk 0:18:57]} Ra8 {[%clk 0:01:08]} 66. h7+ {[%clk
0:18:27]} Kg7 {[%clk 0:01:35]} 67. Re7+ {[%clk 0:18:52]} Kf6 {[%clk 0:01:34]}
68. Rf7+ {[%clk 0:19:18]} Ke6 {[%clk 0:02:03]} 69. Kh6 {[%clk 0:19:34]} Ra1
{[%clk 0:01:51]} 70. h8=Q {[%clk 0:19:53]} Rh1+ {[%clk 0:01:39]} 71. Kg7 {[%clk
0:20:20]} Kd5 1-0

[Event "DEM U16 2021"]
[Site "Willingen GER"]
[Date "2021.08.27"]
[Round "7"]
[White "Gallasch, Jonas"]
[Black "Bethke, Richard"]
[Result "0-1"]
[Termination "normal"]
[Board "3"]
[BlackTitle "FM"]
[WhiteElo "2046"]
[BlackElo "2337"]
[WhiteClock "00:27:25"]
[BlackClock "00:35:19"]
[PlyCount "98"]
[WhiteFideId "16222474"]
[BlackFideId "12959243"]
[EventCountry "GER"]
[EventRounds "9"]
[EventType "swiss"]
[EventDate "2021.08.22"]

1. Nf3 {[%clk 1:30:53]} f5 {[%clk 1:30:53]} 2. d3 {[%clk 1:31:18]} d6 {[%clk
1:31:09]} 3. e4 {[%clk 1:31:26]} e5 {[%clk 1:31:34]} 4. Nc3 {[%clk 1:27:16]}
Nf6 {[%clk 1:28:08]} 5. Bg5 {[%clk 1:24:21]} Be7 {[%clk 1:27:13]} 6. Nh4 {[%clk
0:56:49]} f4 {[%clk 1:19:24]} 7. g3 {[%clk 0:51:35]} Be6 {[%clk 1:11:35]} 8.
Nf5 {[%clk 0:47:14]} Bxf5 {[%clk 1:08:55]} 9. exf5 {[%clk 0:47:38]} Qd7 {[%clk
1:07:14]} 10. gxf4 {[%clk 0:30:28]} Nc6 {[%clk 0:59:43]} 11. Bxf6 {[%clk
0:28:48]} Bxf6 {[%clk 1:00:06]} 12. Qh5+ {[%clk 0:29:09]} Qf7 {[%clk 0:59:58]}
13. Qxf7+ {[%clk 0:29:27]} Kxf7 {[%clk 1:00:24]} 14. Bg2 {[%clk 0:28:12]} Rhe8
{[%clk 0:48:28]} 15. O-O-O {[%clk 0:18:59]} exf4 {[%clk 0:48:31]} 16. Bd5+
{[%clk 0:18:09]} Kf8 {[%clk 0:48:56]} 17. Rde1 {[%clk 0:18:09]} Bd4 {[%clk
0:39:43]} 18. Rxe8+ {[%clk 0:07:35]} Rxe8 {[%clk 0:40:00]} 19. Rf1 {[%clk
0:07:49]} Re5 {[%clk 0:38:56]} 20. Be4 {[%clk 0:05:57]} Bxc3 {[%clk 0:37:21]}
21. bxc3 {[%clk 0:06:22]} d5 {[%clk 0:37:45]} 22. Bf3 {[%clk 0:06:13]} Rxf5
{[%clk 0:38:09]} 23. d4 {[%clk 0:06:25]} Ne7 {[%clk 0:36:58]} 24. h4 {[%clk
0:03:17]} Rf6 {[%clk 0:36:13]} 25. Rg1 {[%clk 0:02:20]} c6 {[%clk 0:34:05]} 26.
Kd2 {[%clk 0:01:20]} Nf5 {[%clk 0:32:02]} 27. Rg4 {[%clk 0:01:13]} Nd6 {[%clk
0:31:37]} 28. Kd3 {[%clk 0:01:18]} h5 {[%clk 0:30:57]} 29. Rg5 {[%clk 0:01:09]}
g6 {[%clk 0:31:12]} 30. Rg1 {[%clk 0:01:20]} Kf7 {[%clk 0:29:14]} 31. Rb1
{[%clk 0:01:20]} Ke7 {[%clk 0:26:58]} 32. Rg1 {[%clk 0:00:44]} Kd8 {[%clk
0:26:21]} 33. a4 {[%clk 0:00:40]} b6 {[%clk 0:24:01]} 34. Ra1 {[%clk 0:00:59]}
Kc7 {[%clk 0:23:25]} 35. Re1 {[%clk 0:01:05]} Kb7 {[%clk 0:21:57]} 36. Rg1
{[%clk 0:00:40]} Ka6 {[%clk 0:21:35]} 37. Kd2 {[%clk 0:00:36]} Ka5 {[%clk
0:21:32]} 38. Re1 {[%clk 0:00:47]} a6 {[%clk 0:19:07]} 39. Ra1 {[%clk 0:00:33]}
Re6 {[%clk 0:17:40]} 40. Kd3 {[%clk 0:00:32]} Nc4 {[%clk 0:15:29]} 41. Be2
{[%clk 0:29:14]} Rf6 {[%clk 0:41:21]} 42. Bf3 {[%clk 0:28:56]} Nb2+ 43. Kd2
{[%clk 0:28:54]} Nxa4 {[%clk 0:39:16]} 44. c4 {[%clk 0:28:04]} dxc4 {[%clk
0:38:33]} 45. c3 {[%clk 0:28:28]} b5 {[%clk 0:38:56]} 46. Bd1 {[%clk 0:28:31]}
f3 {[%clk 0:34:24]} 47. Ke3 {[%clk 0:27:28]} Re6+ {[%clk 0:34:39]} 48. Kxf3
{[%clk 0:27:16]} Re1 {[%clk 0:35:00]} 49. Kg2 {[%clk 0:27:25]} Kb6 {[%clk
0:35:19]} 0-1

[Event "DEM U16 2021"]
[Site "Willingen GER"]
[Date "2021.08.27"]
[Round "7"]
[White "Bui, Bao Anh Le"]
[Black "Arakelian, Aik"]
[Result "1-0"]
[Termination "normal"]
[Board "4"]
[WhiteElo "2179"]
[BlackElo "2052"]
[WhiteClock "00:34:52"]
[BlackClock "00:19:43"]
[PlyCount "37"]
[WhiteFideId "12970719"]
[BlackFideId "16220340"]
[EventCountry "GER"]
[EventRounds "9"]
[EventType "swiss"]
[EventDate "2021.08.22"]

1. e4 {[%clk 1:30:30]} e5 {[%clk 1:30:30]} 2. Nf3 {[%clk 1:30:32]} Nc6 {[%clk
1:30:42]} 3. Bc4 {[%clk 1:30:39]} Nf6 {[%clk 1:30:20]} 4. d3 {[%clk 1:30:43]}
h6 {[%clk 1:29:50]} 5. c3 {[%clk 1:30:53]} d6 {[%clk 1:29:44]} 6. Nbd2 {[%clk
1:30:42]} g5 {[%clk 1:29:15]} 7. h4 {[%clk 1:30:23]} g4 {[%clk 1:28:33]} 8. Nh2
{[%clk 1:30:21]} h5 {[%clk 1:18:47]} 9. Nhf1 {[%clk 1:30:33]} d5 {[%clk
1:05:07]} 10. exd5 {[%clk 1:21:22]} Nxd5 {[%clk 1:05:29]} 11. Ne4 {[%clk
1:21:27]} Be6 {[%clk 1:03:57]} 12. Bg5 {[%clk 1:19:32]} Be7 {[%clk 1:01:31]}
13. Qb3 {[%clk 1:19:00]} Nf4 {[%clk 0:46:06]} 14. Bxe6 {[%clk 0:40:15]} Bxg5
{[%clk 0:39:01]} 15. Bxf7+ {[%clk 0:38:41]} Kf8 {[%clk 0:38:40]} 16. Nxg5
{[%clk 0:36:14]} Nxd3+ {[%clk 0:26:56]} 17. Kd2 {[%clk 0:36:09]} Nf4+ {[%clk
0:19:28]} 18. Kc1 {[%clk 0:34:58]} Ne2+ {[%clk 0:19:43]} 19. Kb1 {[%clk
0:34:52]} 1-0

[Event "DEM U16 2021"]
[Site "Willingen GER"]
[Date "2021.08.27"]
[Round "7"]
[White "Farokhi, Keyvan"]
[Black "Musiolik, David"]
[Result "1-0"]
[Termination "normal"]
[Board "5"]
[WhiteElo "2045"]
[BlackElo "2286"]
[WhiteClock "00:23:36"]
[BlackClock "00:03:01"]
[PlyCount "141"]
[WhiteFideId "12998630"]
[BlackFideId "12972355"]
[EventCountry "GER"]
[EventRounds "9"]
[EventType "swiss"]
[EventDate "2021.08.22"]

1. e4 {[%clk 1:30:53]} e6 {[%clk 1:30:57]} 2. d4 {[%clk 1:31:17]} d5 {[%clk
1:31:19]} 3. Nc3 {[%clk 1:31:42]} Nf6 {[%clk 1:31:31]} 4. e5 {[%clk 1:31:57]}
Nfd7 {[%clk 1:31:56]} 5. f4 {[%clk 1:32:20]} c5 {[%clk 1:32:12]} 6. Nf3 {[%clk
1:32:42]} Nc6 {[%clk 1:32:34]} 7. Be3 {[%clk 1:33:01]} Be7 {[%clk 1:32:43]} 8.
Qd2 {[%clk 1:32:38]} O-O {[%clk 1:32:53]} 9. dxc5 {[%clk 1:32:18]} Bxc5 {[%clk
1:33:13]} 10. O-O-O {[%clk 1:30:53]} Qa5 {[%clk 1:33:26]} 11. Kb1 {[%clk
1:29:22]} Bb4 {[%clk 1:23:08]} 12. Bd3 {[%clk 1:23:39]} g6 {[%clk 1:10:02]} 13.
h4 {[%clk 1:20:04]} Nc5 {[%clk 0:52:35]} 14. Qf2 {[%clk 1:10:26]} b6 {[%clk
0:25:05]} 15. h5 {[%clk 0:57:35]} Nxd3 {[%clk 0:22:24]} 16. Rxd3 {[%clk
0:55:28]} Ba6 {[%clk 0:22:08]} 17. Qh4 {[%clk 0:55:17]} Be7 {[%clk 0:21:14]}
18. Ng5 {[%clk 0:54:27]} Bxg5 {[%clk 0:19:34]} 19. Qxg5 {[%clk 0:49:48]} Bxd3
{[%clk 0:15:54]} 20. Qf6 {[%clk 0:48:41]} Rfe8 {[%clk 0:10:38]} 21. f5 {[%clk
0:39:33]} d4 {[%clk 0:08:58]} 22. hxg6 {[%clk 0:33:33]} fxg6 {[%clk 0:09:22]}
23. Rxh7 {[%clk 0:33:23]} Kxh7 {[%clk 0:09:08]} 24. Qxg6+ {[%clk 0:32:01]} Kh8
{[%clk 0:09:37]} 25. Bg5 {[%clk 0:30:56]} Qxe5 {[%clk 0:05:34]} 26. Bf6+ {[%clk
0:31:13]} Qxf6 {[%clk 0:06:03]} 27. Qxf6+ {[%clk 0:31:34]} Kg8 {[%clk 0:05:54]}
28. cxd3 {[%clk 0:29:37]} exf5 {[%clk 0:05:28]} 29. Nd5 {[%clk 0:29:14]} Rac8
{[%clk 0:04:21]} 30. Qg6+ {[%clk 0:28:12]} Kh8 {[%clk 0:03:56]} 31. Qh6+ {[%clk
0:28:33]} Kg8 {[%clk 0:04:16]} 32. Nf6+ {[%clk 0:28:58]} Kf7 {[%clk 0:04:43]}
33. Nxe8 {[%clk 0:29:21]} Kxe8 {[%clk 0:05:09]} 34. Qe6+ {[%clk 0:29:15]} Ne7
{[%clk 0:05:26]} 35. a3 {[%clk 0:29:19]} Rc7 {[%clk 0:04:42]} 36. Qe5 {[%clk
0:28:41]} Rd7 {[%clk 0:04:57]} 37. b4 {[%clk 0:27:02]} Kf7 {[%clk 0:04:52]} 38.
Kb2 {[%clk 0:27:12]} Ke8 {[%clk 0:05:07]} 39. Kb3 {[%clk 0:25:47]} Kf7 {[%clk
0:05:25]} 40. Qh8 {[%clk 0:26:04]} Ke6 {[%clk 0:03:19]} 41. Qe8 {[%clk
0:20:01]} Rc7 {[%clk 0:03:00]} 42. Kb2 {[%clk 0:17:21]} Rc8 {[%clk 0:02:13]}
43. Qa4 {[%clk 0:17:20]} Rc7 {[%clk 0:02:32]} 44. Qe8 {[%clk 0:12:43]} Rc8
{[%clk 0:30:06]} 45. Qh5 {[%clk 0:42:39]} Rc7 {[%clk 0:27:06]} 46. Qh6+ {[%clk
0:42:02]} Kd5 {[%clk 0:21:43]} 47. Qf6 {[%clk 0:40:56]} Rd7 {[%clk 0:21:55]}
48. Kc2 {[%clk 0:40:12]} Rc7+ {[%clk 0:20:41]} 49. Kd2 {[%clk 0:40:30]} Rd7
{[%clk 0:21:04]} 50. Ke2 {[%clk 0:40:43]} Nc6 {[%clk 0:21:04]} 51. Qxf5+ {[%clk
0:41:03]} Ne5 {[%clk 0:21:30]} 52. g4 {[%clk 0:40:36]} Rg7 {[%clk 0:21:28]} 53.
g5 {[%clk 0:40:44]} Rd7 {[%clk 0:21:29]} 54. a4 {[%clk 0:35:59]} Rg7 {[%clk
0:21:48]} 55. Kd1 {[%clk 0:35:44]} Rd7 {[%clk 0:16:32]} 56. a5 {[%clk 0:34:35]}
bxa5 {[%clk 0:10:48]} 57. bxa5 {[%clk 0:34:32]} Rd6 {[%clk 0:11:08]} 58. Kc2
{[%clk 0:32:19]} Rd7 {[%clk 0:10:18]} 59. Kb3 {[%clk 0:31:59]} Rg7 {[%clk
0:08:19]} 60. Qe4+ {[%clk 0:28:25]} Ke6 {[%clk 0:08:43]} 61. Qxd4 {[%clk
0:28:30]} Rd7 {[%clk 0:08:50]} 62. Qh4 {[%clk 0:24:49]} Rxd3+ {[%clk 0:09:03]}
63. Ka4 {[%clk 0:25:05]} Rd6 {[%clk 0:06:44]} 64. Qh6+ {[%clk 0:24:22]} Kd5
{[%clk 0:06:52]} 65. Qh1+ {[%clk 0:23:06]} Ke6 {[%clk 0:06:43]} 66. Qg1 {[%clk
0:22:51]} a6 {[%clk 0:04:38]} 67. g6 {[%clk 0:22:38]} Nxg6 {[%clk 0:04:46]} 68.
Qxg6+ {[%clk 0:22:57]} Kd5 {[%clk 0:03:38]} 69. Qf5+ {[%clk 0:22:56]} Kd4
{[%clk 0:03:47]} 70. Kb4 {[%clk 0:23:13]} Rc6 {[%clk 0:03:01]} 71. Qd7+ {[%clk
0:23:36]} 1-0

[Event "DEM U16 2021"]
[Site "Willingen GER"]
[Date "2021.08.27"]
[Round "7"]
[White "Lutz, Ruben"]
[Black "Eilenberg, Jonas"]
[Result "1/2-1/2"]
[Termination "normal"]
[Board "7"]
[WhiteElo "2108"]
[BlackElo "2087"]
[WhiteClock "00:08:11"]
[BlackClock "00:14:11"]
[PlyCount "52"]
[WhiteFideId "12975974"]
[BlackFideId "16204271"]
[EventCountry "GER"]
[EventRounds "9"]
[EventType "swiss"]
[EventDate "2021.08.22"]

1. d4 {[%clk 1:30:57]} Nf6 {[%clk 1:30:54]} 2. Nf3 {[%clk 1:30:32]} e6 {[%clk
1:31:11]} 3. Bg5 {[%clk 1:30:46]} d5 {[%clk 1:31:14]} 4. e3 {[%clk 1:30:40]}
Be7 {[%clk 1:31:23]} 5. Nbd2 {[%clk 1:30:30]} O-O {[%clk 1:31:26]} 6. Bd3
{[%clk 1:30:46]} Nbd7 {[%clk 1:31:04]} 7. O-O {[%clk 1:30:47]} c5 {[%clk
1:30:16]} 8. c3 {[%clk 1:31:05]} b6 {[%clk 1:29:52]} 9. a4 {[%clk 1:29:02]} Bb7
{[%clk 1:25:56]} 10. Qb1 {[%clk 1:24:16]} h6 {[%clk 1:15:58]} 11. Bh4 {[%clk
1:24:38]} Qc7 {[%clk 1:10:54]} 12. b4 {[%clk 1:11:41]} Bc6 {[%clk 1:00:09]} 13.
a5 {[%clk 0:52:59]} Rab8 {[%clk 0:46:51]} 14. Bg3 {[%clk 0:38:04]} Bd6 {[%clk
0:47:14]} 15. axb6 {[%clk 0:38:25]} axb6 {[%clk 0:47:28]} 16. b5 {[%clk
0:37:14]} Bb7 {[%clk 0:46:02]} 17. Qc2 {[%clk 0:31:53]} Rfc8 {[%clk 0:37:15]}
18. Rfc1 {[%clk 0:29:17]} Bxg3 {[%clk 0:32:56]} 19. hxg3 {[%clk 0:29:42]} Ra8
{[%clk 0:31:47]} 20. Rxa8 {[%clk 0:21:51]} Bxa8 {[%clk 0:29:32]} 21. c4 {[%clk
0:18:03]} cxd4 {[%clk 0:26:55]} 22. Nxd4 {[%clk 0:16:56]} Qb8 {[%clk 0:23:36]}
23. Qb1 {[%clk 0:12:40]} Ne5 {[%clk 0:22:28]} 24. Bf1 {[%clk 0:10:23]} dxc4
{[%clk 0:17:36]} 25. Nxc4 {[%clk 0:08:19]} Nxc4 {[%clk 0:14:07]} 26. Rxc4
{[%clk 0:08:11]} Rxc4 {[%clk 0:14:11]} 1/2-1/2